| 000 | 01011nam a22002895a 4500 | ||
|---|---|---|---|
| 003 | EG-ScBUE | ||
| 005 | 20211118110330.0 | ||
| 008 | 180120s2008 ua f 000 0aara d | ||
| 017 | _a2007 / 26481 | ||
| 020 | _a9789770922875 | ||
| 040 |
_aEG-ScBUE _bara _erda _cEG-ScBUE _dEG-ScBUE |
||
| 082 | 0 | 4 |
_a892.78603 _bد ي ب _222 |
| 100 | 1 |
_aديب، علاء، _eمؤلف. _941059 |
|
| 245 | 1 | 0 |
_aوقفة قبل المنحدر : _bمن أوراق مثقف مصري، 1952-1982 / _cعلاء الديب. |
| 250 | _aالطبعة الأولى. | ||
| 264 | 1 |
_aالقاهرة : _bدار الشروق، _c2008. |
|
| 300 |
_a101 صفحة ؛ _c20 سم |
||
| 336 |
_2rdacontent _aنص _btxt |
||
| 337 |
_2rdamedia _aبدون وسيط _bn |
||
| 338 |
_2rdacarrier _aمجلد _bnc |
||
| 600 | 1 | 7 |
_aديب، علاء، _vيوميات. _2BUEsh _941059 |
| 650 | 7 |
_aالأدباء المصريون _vتراجم. _2BUEsh _927913 |
|
| 651 | _2BUEsh | ||
| 653 |
_bGGEN _cJanuary2018 |
||
| 655 |
_vReading book _934232 |
||
| 942 | _2ddc | ||
| 999 |
_c25954 _d25926 |
||